LEADER 01228nam a2200265 i 4500 001 000000240836 003 CaOOAMICUS 005 20150413000000.0 008 150413s2014 it u000 u ita u 013 $a219741 040 $aSeMil$bita 100 1 $aDal Corso, Marco,$d<1963- >.$0(OLS)http://semarc/name/81599 245 10$aPer una pedagogia del dialogo interreligioso /$cMarco Dal Corso. 260 $aVenezia :$bISE "San Bernardino",$c2014. 300 $a165 p. ;$c21 cm. 490 0 $aQuaderni di Studi Ecumenici ;$v30. 500 $aIn Appendice : Storia bibliografica del dialogo interreligioso. - Supplemento al n. 3-4/2014 della rivista "Studi Ecumenici". 650 4$aDialogo interreligioso.$0(OLS)http://semarc/subject/2257 774 0 $tStoria bibliografica del dialogo interreligioso. - In.$w()324407 830 0$aQuaderni di Studi Ecumenici ;$v30.$0(OLS)http://semarc/title/79 850 $aSeMil 852 $aSeMil$W1$xVenegono$y1$m107 1 130$j191182$B191182$CSeMilBibl$Z2$F202015 $85 961 $aCambio: Scuola Cattolica 996 $6245$aPer una pedagogia del dialogo interreligioso$9(OLS)http://semarc/title/342375 996 $6260$aVenezia :$bISE "San Bernardino"$9(OLS)http://semarc/publisher/48530 LEADER 02531nas a2200361 i 4500 001 000000000078 003 CaOOAMICUS 005 20221216144803.0 008 180830i19869999be zx lf u0 z|lat u 040 $aSeMil$bita 245 10$aCorpus Christianorum. Thesaurus Patrum Latinorum$h[generale di collana]. 264 1$aTurnhout :$bBrepols,$c1986- 300 $av. ;$c33 cm 760 0 $tCorpus Christianorum.$dTurnholti : Brepols, 1951-$x1378-9562$w()681 762 0 $aCentre traditio litterarum Occidentalium$tCorpus Christianorum. Instrumenta lexicologica latina. Ser. A, Formae.$dTurnhout : Brepols, 1982-$x1780-4558$w()48 762 0 $tCorpus Christianorum. Thesaurus Patrum Latinorum. Supplementum.$dTurnhout : Brepols, 1993-$w()1170 762 0 $aUniversité Catholique : Centre de traitement èlectronique des documents$tCorpus Christianorum. Instrumenta Lexicologica Latina. Ser. B, Lemmata.$dTurnhout : Brepols, 1982-$w()1318 762 0 $aUniversité Catholique : Centre de traitement èlectronique des documents$tCorpus Christianorum. Thesaurus patrum latinorum. Series A-B. Formae et Lemmata.$dTurnhout : Brepols, 1993-$x1780-5929$w()19463 774 0 $tThesaurus Sancti Bernardi Claraevallensis.$dTurnhout : Brepols, 1987-2001.$w()1186 774 0 $tThesaurus Sancti Gregorii Magni.$dTurnhout : Brepols, 1986.$w()1219 774 0 $tThesaurus Augustinianus.$dTurnhout : Brepols, 1989.$w()1223 774 0 $tThesaurus sancti Hieronymi.$dTurnhout : Brepols, 1990.$w()1238 774 0 $tThesaurus Fontium Cisterciensium.$dTurnhout : Brepols, 1998.$w()1674 774 0 $tThesaurus Hildegardis Bingensis.$dTurnhout : Brepols, 1998.$w()1675 774 0 $tThesaurus Pseudo-Dionysii Areopagitae.$dTurnhout : Brepols, 1995.$w()6686 774 0 $tThesaurus Scriptorum Gemblacensium.$dTurnhout : Brepols, 2003.$w()11061 774 0 $aLorenzo : da Brindisi $tThesaurus Laurentii a Brundusio.$dTurnhout : Brepols, 2005.$w()15734 830 0$aCorpus Christianorum. Thesaurus Patrum Latinorum.$0(OLS)http://semarc/title/136 850 $aSeMil 852 $aSeMil$W1$xVenegono$y1$mVedi "Titolo uniforme di collana" per le collocazioni dei singoli volumi$j222888$qSottoscrizione aperta$B243632$CSeMilBibl$Z2$F243632 $8I 996 $6245$aCorpus Christianorum. Thesaurus Patrum Latinorum$h[generale di collana]$9(OLS)http://semarc/title/442268 996 $6264$aTurnhout :$bBrepols$9(OLS)http://semarc/publisher/29626